| 000 | 00881nam a22002417a 4500 | ||
|---|---|---|---|
| 005 | 20111226142829.0 | ||
| 008 | 111226t xxu||||| |||| 00| 0 eng d | ||
| 010 | _aENG-104511 | ||
| 020 |
_a9788188865529 _c700.00 |
||
| 035 | _aEN-88044 | ||
| 037 | _bDBAD/PUB | ||
| 040 |
_aDPL _bEng |
||
| 082 | _a378.54 | ||
| 100 | _937371 | ||
| 245 | 0 | 0 |
_aIndian higher education and globalization / _cedited by Amrita Maheshwari |
| 260 |
_aDelhi _bGagandeep Publications _c2011 |
||
| 270 |
_a212, Krishna Gali No. 2, Maujpur. _bDelhi _e110053 |
||
| 300 |
_axiv,217p. _c22cm (Hb) |
||
| 500 | _aIncludes bibliographical references | ||
| 700 |
_aMaheshwari, Amrita _937593 |
||
| 942 |
_2ddc _cEN _mIND _h378.54 |
||
| 999 |
_c59982 _d59982 |
||